000 00418pab a2200157 454500
008 180718b2008 xxu||||| |||| 00| 0 eng d
100 _aNasab, S.M.M. Mousavi
245 _aIT application in open-PIT mines in Kerman province
260 _c2008
300 _ap.54-59.
650 _aInformation technology
700 _aMahesh, T.M.
773 _aIndian Journal of Regional Science
908 _aN
909 _a81911
999 _c81911
_d81911